000 00433nam a22001337a 4500
080 _a343 (82) C 498
245 _aCodigo penal de la Nacion Argentina:
_bleyes Complementarias
250 _a14 Ed.- 2° Reimp. 2014- 24° Ed. 2019
260 _aCiudad Autonoma de Buenos Aires:
_bDel Pais,
_c2014- 2019
300 _a372 P.
650 _xcodigo penal
_xlegislacion complementaria
_xderecho penal
942 _6_
945 _acd
_d2024-03-19
999 _c5374
_d235878